000 01529cam a22003493a 4500
001 0000709
003 DO-SdBNP
005 20171110111906.0
007 0000709
008 861112 2011 sp ac 000 0 spa d
010 _a
020 _a9788426716583 (Marcombo)
020 _a9788496334908(Altamar)
040 _aBPMSU
_cspa
_dBPMSU
_d
082 4 _a621.3
_bE38i
100 1 _aRodríguez Arenas, Antonio
245 1 0 _aInstalaciones domóticas /
_cAntonio Rodríguez Arenas, Miguel Casa Vilaseca
260 0 _aBarcelona :
_bLexus,
_c2011.
300 _a207 p. :
_bil.
_c31 cm.
490 _aElectricidad y electrónica / CFGM instalaciones eléctricas y automáticas
500 _aSe utilizó cutter de la serie para reunir la colección en la estantería
505 0 _tAutomatización de viviendas --
_tSistema técnico de automatización basado en corrientes portadoras --
_tSistema domóticos basados en bus con tecnología LonWorks --
_tSistema de automatización mediante EIB --
_tSistema técnico de automatización basado en autómatas programables --
_tSistema domóticos inalámbricos --
_tSoluciones domóticas alternativas --
600 _a
_x
650 4 _aVIVIENDAS INTELIGENTES
650 4 _aEDIFICIOS INTELIGENTES
700 1 2 _aCasa Vilaseca, Miguel
830 0 _aElectricidad y electrónica / CFGM instalaciones eléctricas y automáticas
910 _aValidado. Control de calidad MFF
942 _2ddc
_cBK
945 _aInvetariado extranjerov / 2017 VM
956 _2YLOCKWARD
_310
_8BPMSU
999 _c11522
_d11522